000 00491nam a2200181Ia 4500
001 4165
005 20260306145735.0
008 260306t2015||||xx |||||||||||||| ||spa||
041 _aESP
082 _a307.70985
_bC25
100 _aCanziani Amico, José
_eAUT
245 0 _aCiudad y territorio en los andes:
_bcontribuciones a la historia del urbanismo prehispánico
260 _c2015
300 _a549 páginas :
_c24 cm.
650 _aGEN
654 _aCAU
942 _cLIB
_dJUS
_fJUS
_2ddc
_n
999 _c4165
_d4165